Vínečko bílé 35 nejkrásnějších písní : nejkrásnější písničky, vzpomínky, myšlenky, úvahy /
| Main Author: | Mikulecký, Fanoš, 1912-1970 |
|---|---|
| Other Authors: | Sigmund, Aleš, 1944-2018 |
| Language: | Czech |
| Published: |
Praha : A. Sigmund, 1994, c1991 |
| Series: |
Morava zpívá
|
| Physical Description: |
93 s. : il., noty ; 14 x 24 cm |
| LEADER | 01020ncm a2200253 a 4500 | ||
|---|---|---|---|
| 001 | 000341311 | ||
| 003 | CZ BrMZK | ||
| 005 | 20100728133013.0 | ||
| 008 | 980105s1994 xr f cze d | ||
| 040 | |a BOA001 |b cze | ||
| 080 | |a 784.4(437.2) |2 MRF | ||
| 100 | 1 | |a Mikulecký, Fanoš, |d 1912-1970 |7 jk01081638 |4 cmp | |
| 245 | 1 | 0 | |a Vínečko bílé |h [hudebnina] : |b 35 nejkrásnějších písní : nejkrásnější písničky, vzpomínky, myšlenky, úvahy / |c Fanoš Mikulecký ; [k vydání připravil Aleš Sigmund] |
| 260 | |a Praha : |b A. Sigmund, |c 1994, c1991 | ||
| 300 | |a 93 s. : |b il., noty ; |c 14 x 24 cm | ||
| 490 | 1 | |a Morava zpívá | |
| 500 | |a Bibliogr. - Jednohlasé písně | ||
| 653 | 0 | |a moravské zlidovělé písně | |
| 700 | 1 | |a Sigmund, Aleš, |d 1944-2018 |7 ola200202589 |4 com | |
| 830 | 0 | |a Morava zpívá | |
| 910 | |a BOA001 |b Mus3-1048.312 | ||
| 964 | |a Písně zlidovělé moravské |x HUD | ||
| 990 | |a MU | ||
| 996 | 6 | |b 2610075686 |c Mus3-1048.312 |l MZK |r Sklad / do 1 hodiny |n 8 |p p.v. |w 000341311 |u 000010 |a 1 |e BOA001 |j MZK50 |s P | |
English
Čeština 